000 00489 a2200193 4500
005 20260310112939.0
008 260310b |||||||| |||| 00| 0 eng d
020 _a9789371261784
_cRs. 345.00
040 _aMAIN
082 _a344.022
_bT199E
100 _aTaxmann
245 _aEmployees' state insurance act 1948 with rules
260 _bTaxmann
_c2025
_aNew Delhi
300 _av.
650 _aLaw
650 _aElection Law
650 _aIndia-Administrative Law
942 _cBK
999 _c396323
_d396323